000 00479nam a2200181Ia 4500
005 20250423094927.0
008 250422s9999 xx 000 0 und d
020 _a0787261483
050 _aT 353 .V56/
100 _aVinson, Gerald E.
245 0 _aCreative engineering graphics: a workbook for prospective engineers
260 _a Texas
260 _bKendall/Hunt Publishing Coy
260 _c2003
300 _a85 p
650 _aEngineering graphics
942 _cBK
999 _c28714
_d28714